000 00708nam a2200229 a 4500
005 20240911063740.0
008 041015s2000 mx r 000 0 spa d
020 _a843390597X
035 _aUPN01000135745
049 _aCG
050 4 _aPQ7297 M6.4
_bA5.7
100 1 _aMonsiváis, Carlos,
_d1938-2010
_928357
245 1 0 _aAires de familia :
_bcultura y sociedad en América Latina /
260 _aBarcelona, Esp. :
_bAnagrama,
_c2000.
300 _a254 p.
440 0 _aArgumentos ;
_v246
586 _aXXVIII Premio Anagrama de Ensayo
650 4 _aLiteratura mexicana
_ySiglo XX
_95344
650 4 _aCultura popular
_zAmérica Latina
_912745
651 4 _aAmérica Latina
_91068
905 _aLibro
999 _c107896
_d107896